Statistics for European Football Cities Map

Click here to take the quiz!

General Stats

  • This quiz has been taken 148 times
    (47 since last reset)
  • The average score is 21 of 30

Answer Stats

Answer % Correct
Celtic
94%
Bayern
88%
Ajax
85%
Arsenal
82%
Juventus
82%
Beşiktaş
82%
Aston Villa
79%
Panathinaikos
79%
Lazio
79%
PSG
79%
Anderlecht
79%
Zenit
76%
Benfica
76%
Espanyol
76%
PAOK
74%
Partizan
71%
Young Boys
71%
Real Betis
68%
Shamrock Rovers
68%
Hertha
68%
Ferencváros
68%
Rapid
65%
HJK
62%
AIK
62%
Linfield
59%
Bohemians 1905
53%
Viking
53%
FCSB
50%
Vålerenga
50%
Valur
47%

Score Distribution

Percentile by Number Answered

Percent of People with Each Score

Your Score History

You have not taken this quiz since the last reset